| 000 | 00649cam a2200265ua 4500 | ||
|---|---|---|---|
| 020 | _c30.00 | ||
| 041 |
_amal _h |
||
| 082 |
_a636 _bSRE/KA |
||
| 100 | _aSreenivasan, K.N . | ||
| 245 |
_aKannukali samrakhshanam / _cK.N.Sreenivasan. _hTextual Documents |
||
| 250 |
_a2 / _b. |
||
| 260 |
_aThiruvananthapuram : _bState Instititute of Languages , _c1973. |
||
| 300 | _a950 ; . | ||
| 365 | _a30.00 | ||
| 504 | _a | ||
| 942 | _cBK | ||
| 999 |
_c6228 _d6228 |
||